| 000 | 00365nam a2200133 a 4500 | ||
|---|---|---|---|
| 001 | 4240 | ||
| 003 | CDMR | ||
| 005 | 20130116135254.0 | ||
| 008 | 130130s2008||||||||||||||||||||||||||||d | ||
| 040 |
_aCDMR _bcat _cCPC GIRONA |
||
| 245 | 0 | _aConclusions dels debats del Consell de les Arts i de la Cultura | |
| 260 |
_c2008 _bConsell de les Arts i de la Cultura |
||
| 942 | _cMON | ||
| 999 |
_c4240 _d4240 |
||